20 años de la constitución chilena: 1981-2001

Salvato in:
Dettagli Bibliografici
Autore principale: Navarro Beltrán, Enrique (autor)
Ente Autore: Universidad Finis Terrae (Autore)
Natura: Libro
Lingua:spagnolo
Pubblicazione: Santiago Jurídica Conosur 2001
Soggetti:
Tags: Aggiungi Tag
Nessun Tag, puoi essere il primo ad aggiungerne!!

MARC

LEADER 00000nam a2200000 a 4500
001 UCN4906
003 CL-VaPUC
008 010817e20010000CL |||||||||||||||||spa|d
020 |a 9562382974 
082 0 4 |a 342.83  |b NAV  |2 21 
100 |a Navarro Beltrán, Enrique  |e autor  |9 738846 
110 2 |a Universidad Finis Terrae  |e author  |9 461019 
245 1 0 |a 20 años de la constitución chilena: 1981-2001 
300 |a 672 p 
942 |c BK 
945 |d 20010817 00:00:00  |a vberengu 
260 |a Santiago  |b Jurídica Conosur  |c 2001 
650 7 |a CONSTITUCION CHILENA  |2 CL-VaPUC  |9 404138 
650 0 |a Derechos fundamentales   |9 254841 
650 0 |a Derecho a la vida  |9 337220 
650 0 |a Estado de derecho  |9 257795 
650 0 |a Derecho a la intimidad  |9 256183 
650 0 |a Recurso de protección   |9 255487 
650 7 |a DERECHO LABORAL  |2 CL-VaPUC  |9 15 
650 0 |a Derecho procesal penal  |9 255496 
651 7 |a CHILE  |2 CL-VaPUC  |9 461020 
583 |a last modification  |c 20170724 12:11:54  |k Rodrigo Vera 
999 |c 296750  |d 296748 
952 |0 0  |1 0  |4 0  |6 342_830000000000000_NAV_2001  |7 0  |8 A  |9 350891  |a BIBDER  |b BIBDER  |d 2019-11-20  |i 374860K  |o 342.83 NAV 2001  |p 374860K  |r 2023-01-25  |w 2019-11-20  |y BK  |k DER